000 01111nam a2200289 a 4500
001 BRCA_7502
005 20190320205849.0
008 300413s1927----gw-a######---#000-0#ger-#
041 _ager
044 _agw
050 4 _aND615
_b.B47 1927
100 1 _aBercken, Erich V. D.
_918487
245 1 0 _aMalerei der Renaissance in Italien
_bdie Malerei der früh-und hochrenaissance in Oberitalien : unter mitwirküng von professor August L. Mayer-München
_cvon Erich V. D. Bercken ; begründet von Fritz Burger ; herausgegeben von A. E. Brinckmann.
260 _aAlemania
_bAkademische Verlagsgesellschaft Athenaion
_c1927
300 _a274 p.
_bil. (algunas a color), 13 láminas
_c29 cm.
440 0 _aHandbuch der Kunstwissenschaft
_918488
500 _aIncluye índice de obras de arte e índice onomástico
500 _aR42
504 _aBibliografía p. 262-268
650 1 4 _aPintura italiana
_910312
650 1 4 _aPintura renacentista
_97759
650 1 4 _aPintura
_xHistoria
_918489
700 1 _aBurger, Fritz
_918490
700 1 _aBrinckmann, A. E.
_eed.
_918491
902 _aGFM
942 _2lcc
_cB
999 _c7177
_d7177